| 000 | 00514nam a2200169 i 4500 | ||
|---|---|---|---|
| 001 | 120195 | ||
| 003 | ES-MaACL | ||
| 005 | 20230906191502.0 | ||
| 007 | t| | ||
| 008 | 070214s1909 fr r ||||1| fre d | ||
| 100 | 1 |
_aPiquet, Victor. _992335 |
|
| 245 | 1 | 4 |
_aLes civilisations de l'Afrique du Nord _b: berbéres, arabes, turcs / _cVictor Piquet. |
| 260 |
_aParis : _bArmand Colin, _c1909. |
||
| 300 |
_aX, 396 p. ; _c18 x 12 cm + _e4 map. |
||
| 651 | 4 |
_aMagreb- _xCivilización. _99085 |
|
| 852 |
_aES-MaACL _jC-595 |
||
| 999 |
_c120195 _d120195 |
||